000 00709nam a22001817a 4500
999 _c62996
_d62996
003 Ge_BSU
005 20250425110726.0
008 250425s1980 ge ||||| |||| 00| 0 geo d
041 _ageo
080 _a519.21(042.4) შ-51
100 _aშერვაშიძე, თ.
_919849
245 _aალბათობის თეორია :
_b(ლექციების კურსი) /
_cთ. შერვაშიძე.
264 _aთბილისი :
_bთბილ. უნ-ტის გამ-ბა,
_c1980.
300 _a222 გვ. ;
_b 21 სმ.
653 _aალბათობის თეორია.
653 _aმათემატიკა
942 _2udc
_cᲬᲘᲒᲜᲘ